| 000 | 00908nam a2200313Ia 4500 | ||
|---|---|---|---|
| 001 | 57527 | ||
| 003 | CO-BoRNBP | ||
| 005 | 20250710115300.0 | ||
| 007 | ta | ||
| 008 | 000101?uuuu unk 000 0 unk d | ||
| 020 | _a8478841873 | ||
| 040 | _c0 | ||
| 041 | _aspa | ||
| 082 | _a001.42 L66u | ||
| 084 | _a0 | ||
| 100 |
_aLópez de Ceballos, Paloma _923227 |
||
| 245 |
_aUn método para la investigación acción participativa / _cPaloma L•pez de Ceballos |
||
| 250 | _a4a ed. | ||
| 264 |
_aMadrid : _bPopular, _c2003 |
||
| 300 |
_a166 páginas : _bilustraciones |
||
| 336 |
_2rdacontent _atexto _btxt |
||
| 337 |
_2rdamedia _asin mediación _bn |
||
| 338 |
_2rdacarrier _avolumen _bnc |
||
| 490 | _aPromoción cultural | ||
| 650 | 0 |
_aMetodología de la investigación _2LEMB _92646 |
|
| 650 | 7 |
_aAcción social _2LEMB _928520 |
|
| 650 | 7 |
_aInvestigación acción _2LEMB _918941 |
|
| 942 |
_2ddc _cBK |
||
| 999 |
_c57527 _d57527 |
||